000 00307nam a2200133Ia 4500
008 240624s9999 xx 000 0 und d
041 _aeng
082 _a828 SRI
100 _aSRIDHAR K V
245 _a30 SECOND THRILLERS
260 _c2017
_aNew Delhi
_bBloomsbury
300 _a284 p.
365 _cRS
_b30
999 _c29448
_d29448